Monarcas Chilenos - Estadísticas

Estadísticas generales
  • Esta prueba ha sido intentada 55 veces
  • La puntuación promedio es 14 de 16
Estadísticas de respuestas
Reinado Monarca Casa Real % Correcto
1970–1973 Salvador I Allende
98%
2006–2010 Michelle I Bachelet
95%
2014–2018 Michelle I Bachelet
95%
2010–2014 Sebastián I Piñera
95%
2018– Sebastián I Piñera
95%
1973–1990 Augusto I Pinochet
91%
2000–2006 Ricardo I Lagos
89%
1964–1970 Eduardo I Frei
86%
1994–2000 Eduardo II Frei
86%
1990–1994 Patricio I Aylwin
86%
1938–1941 Pedro I Aguirre–Cerda
86%
1952–1958 Carlos I Ibáñez del Campo
82%
1958–1964 Jorge I Alessandri
82%
1932–1938 Arturo I Alessandri
73%
1946–1952 Gabriel I González–Videla
70%
1942–1946 Juan I Ríos
68%
No se encontraron pruebas coincidentes
Distribución de puntuación
Porcentaje de gente con cada puntuación
Porcentaje por número respondido
Historial de tus puntuaciones
No has intentado esta prueba.